Bye-laws of the Incorporated Association of Architects and Surveyors (Record no. 105687)
[ view plain ]
| 000 -LEADER | |
|---|---|
| fixed length control field | 00552cam a2200181 4500 |
| 001 - CONTROL NUMBER | |
| control field | ##L134469 |
| 008 - FIXED-LENGTH DATA ELEMENTS--GENERAL INFORMATION | |
| fixed length control field | 060808n 000 0 eng u |
| 035 ## - SYSTEM CONTROL NUMBER | |
| System control number | (Sirsi) u134469 |
| 041 0# - LANGUAGE CODE | |
| Language code of text/sound track or separate title | eng |
| 050 04 - LIBRARY OF CONGRESS CALL NUMBER | |
| Classification number | 333.0062 $2 18 |
| 110 2# - MAIN ENTRY--CORPORATE NAME | |
| Corporate name or jurisdiction name as entry element | Incorporated Association of Architects and Surveyors |
| 9 (RLIN) | 4913 |
| 245 00 - TITLE STATEMENT | |
| Title | Bye-laws of the Incorporated Association of Architects and Surveyors |
| 260 ## - PUBLICATION, DISTRIBUTION, ETC. | |
| Place of publication, distribution, etc. | [S.l.] |
| Name of publisher, distributor, etc. | [s.n.] |
| Date of publication, distribution, etc. | 1962 (London |
| Name of publisher, distributor, etc. | Claxton) |
| 300 ## - PHYSICAL DESCRIPTION | |
| Extent | 17p. |
| Dimensions | 21cm. |
| 520 ## - SUMMARY, ETC. | |
| Summary, etc. | Commenced on 20 January 1962. |
| 690 ## - LOCAL SUBJECT ADDED ENTRY--TOPICAL TERM (OCLC, RLIN) | |
| Topical term or geographic name as entry element | BUILT ENVIRONMENT |
| 942 ## - ADDED ENTRY ELEMENTS (KOHA) | |
| Suppress in OPAC | 0 |
No items available.